| 000 | 00658nam a2200229Ia 4500 | ||
|---|---|---|---|
| 001 | 5553 | ||
| 003 | AR-BaAGN | ||
| 005 | 20250109105924.0 | ||
| 007 | ta | ||
| 008 | 211213s1934 ag |||||||||||||| ||spa d | ||
| 040 |
_dAR-BaAGN _aAR-BaAGN _bspa _eaacr |
||
| 100 | _aRadaelli, Sigfrido A. | ||
| 245 | 1 | 0 |
_aVocación histórica de Mitre / _cSigfrido A. Radaelli |
| 260 |
_aBuenos Aires : _bSociedad de Historia Argentina, _c1934. |
||
| 300 | _a15 páginas | ||
| 336 |
_2rdacontent _btxt |
||
| 337 |
_2rdamedia _bn |
||
| 338 |
_2rdacarrier _bnc |
||
| 490 |
_aSociedad de Historia Argentina ; _v4 |
||
| 600 | 1 | 4 |
_aMitre, Bartolomé, _d1821-1906 _94481 |
| 942 | _cLIBRO | ||
| 999 |
_c5553 _d5553 |
||